000
00305nam a22001337a 4500
008
170420b xxu||||| |||| 00| 0 eng d
020
_a
9780070333086
041
_a
eng
080
_a
573
100
_a
11
101
_a
SHM
245
_a
ANALYSIS OF BIOLOGICAL DEVELOPMENT
_c
KALTHOFF, K
942
_2
udc
_c
BK
999
_c
11350
_d
11350